000 00337nam a2200145Ia 4500
008 230718s9999 xx 000 0 und d
041 _aEng.
082 _a346
_bABB-T
100 _aAbbas Naweed
245 4 _aThe Companies ordinane y Ray
260 _aPakistan
_bFox law reptes
_c2006
300 _a447
650 _aLaw
999 _c29345
_d29345